Kognitív történet-modellek
Elmentve itt :
| Szerző: | |
|---|---|
| Dokumentumtípus: | Könyv része |
| Megjelent: |
1985
|
| Sorozat: | Studia poetica
6 Az elbeszélés értelmezésének stratégiái 6 |
| Kulcsszavak: | Irodalomelmélet |
| Tárgyszavak: | |
| Online Access: | http://acta.bibl.u-szeged.hu/17147 |
| LEADER | 00721naa a2200217 i 4500 | ||
|---|---|---|---|
| 001 | acta17147 | ||
| 005 | 20220114140822.0 | ||
| 008 | 161015s1985 hu o 0|| hun d | ||
| 022 | |a 0209-9403 | ||
| 040 | |a SZTE Egyetemi Kiadványok Repozitórium |b hun | ||
| 041 | |a hun | ||
| 100 | 1 | |a Siklaki István | |
| 245 | 1 | 0 | |a Kognitív történet-modellek |h [elektronikus dokumentum] / |c Siklaki István |
| 260 | |c 1985 | ||
| 300 | |a 10-39 | ||
| 490 | 0 | |a Studia poetica |v 6 | |
| 490 | 0 | |a Az elbeszélés értelmezésének stratégiái |v 6 | |
| 650 | 4 | |a Bölcsészettudományok | |
| 650 | 4 | |a Nyelvek és irodalom | |
| 695 | |a Irodalomelmélet | ||
| 856 | 4 | 0 | |u http://acta.bibl.u-szeged.hu/17147/1/studia_poetica_006_010-039.pdf |z Dokumentum-elérés |